| 000 | 00647nam a2200229Ia 4500 | ||
|---|---|---|---|
| 005 | 20260622141316.0 | ||
| 008 | 131103s9999 xx 000 0 und d | ||
| 020 |
_a8184082762 _cRs 1295 |
||
| 040 | _aLoreto College | ||
| 041 | _aEnglish | ||
| 082 |
_a025 _bFRI |
||
| 100 | _aFritz, Deborah | ||
| 245 |
_aMarc 21 for everyone _b A practical guide _cDeborah Fritz, Richard J. Fritz |
||
| 260 |
_aNew Delhi _bIndiana Publishing House _c2009 |
||
| 300 | _axvi,188p | ||
| 440 | _aAmerican Library Association Series | ||
| 650 | _aCataloguing Standards | ||
| 651 | _aMar-21 | ||
| 700 | _aFritz, Richard J. | ||
| 850 | _aLCLIB | ||
| 942 | _cBK | ||
| 999 |
_c36819 _d87298 |
||